| 000 | 00799nab a2200241 u 4500 | ||
|---|---|---|---|
| 001 | 16065 | ||
| 003 | HDC | ||
| 007 | cr bn ---aaaaa | ||
| 008 | 210220c20110422xx dr|noo 0 a eng d | ||
| 040 | _aHDC | ||
| 245 | 0 | _aMalaysia: HDC Recognizes Halal Science and Research Community | |
| 260 |
_a[No place] : _b[publisher not identified], _c2011 |
||
| 336 |
_atext _2rdacontent |
||
| 337 |
_acomputer _2rdamedia |
||
| 338 |
_aonline resource _2rdacarrier |
||
| 650 |
_aCompetition _916012 |
||
| 650 |
_aScience and research _916013 |
||
| 710 | _aHalal Focus | ||
| 856 | _zRequest full-text at [email protected] | ||
| 942 | _2lcc | ||
| 942 | _cNEWS | ||
| 942 | _kNWSO 005635 | ||
| 999 |
_c13381 _d13381 |
||